Štatistické meranie, analýza a projektovanie trhu práce v SR interný grantový projekt č. 0205/95

Guardado en:
Detalles Bibliográficos
Autor principal: Rublíková, Eva
Otros Autores: Pacáková, Viera, Brčková, Valentína, Pardelová, Ružena
Formato: Libro
Lenguaje:eslovaco
inglés
Publicado: Bratislava Katedra štatistiky FHI EU [1996]
Materias:
Etiquetas: Agregar Etiqueta
Sin Etiquetas, Sea el primero en etiquetar este registro!

MARC

LEADER 00000nam$a2200000$$$4500
001 0097771
005 20241002085726.5
041 0 |a slo 
041 0 |a eng 
044 |a SK 
245 1 0 |a Štatistické meranie, analýza a projektovanie trhu práce v SR  |b interný grantový projekt č. 0205/95  |c vedúca projektu Eva Rublíková 
264 1 |a Bratislava  |b Katedra štatistiky FHI EU  |c [1996] 
300 |a nestr. 
610 2 0 |a trh práce 
610 2 0 |a meranie práce 
610 2 0 |a metódy štatistické 
100 1 |a Rublíková, Eva 
700 1 |a Pacáková, Viera 
700 1 |a Brčková, Valentína 
700 1 |a Pardelová, Ružena